书目信息 |
| 题名: |
俄罗斯教育制度与政策研究
|
|
| 作者: | 肖甦 , 朋腾 著 | |
| 分册: | ||
| 出版信息: | 北京 人民出版社 2022.01 |
|
| 页数: | 276页 | |
| 开本: | 24cm | |
| 丛书名: | ||
| 单 册: | ||
| 中图分类: | G551.2 | |
| 科图分类: | ||
| 主题词: | 教育制度--研究--俄罗斯 , 教育政策--研究--俄罗斯 | |
| 电子资源: | ||
| ISBN: | 978-7-01-022703-0 | |
| 000 | 01073nam0 2200277 450 | |
| 001 | 012001001511 | |
| 005 | 20140201152459.0 | |
| 010 | @a978-7-01-022703-0@dCNY53.00 | |
| 100 | @a20220905d2020 em y0chiy50 ea | |
| 101 | 0 | @achi |
| 102 | @aCN@b110000 | |
| 105 | @ay z 000yy | |
| 106 | @ar | |
| 200 | 1 | @a俄罗斯教育制度与政策研究@Ae luo si jiao yu zhi du yu zheng ce yan jiu@f肖甦,朋腾著 |
| 210 | @a北京@c人民出版社@d2022.01 | |
| 215 | @a276页@d24cm | |
| 300 | @a教育部人文社会科学重点研究基地重大项目“‘一带一路’不同类型国家教育制度与政策研究” 教育部人文社会科学重点研究基地北京师范大学国际与比较教育研究 | |
| 300 | @a“一带一路”不同类型国家教育制度与政策研究/顾明远主编 | |
| 330 | @a本书共分12章,分别为俄罗斯教育的历史与传统、俄罗斯的基本教育制度、俄罗斯教育决策体系及新世纪重要教育法令政策、俄罗斯的学前教育等。 | |
| 606 | 0 | @a教育制度@x研究@y俄罗斯 |
| 606 | 0 | @a教育政策@x研究@y俄罗斯 |
| 690 | @aG551.2@v5 | |
| 701 | 0 | @a肖甦@Axiao su@4著 |
| 701 | 0 | @a朋腾@Apeng teng@4著 |
| 801 | 0 | @aCN@bAHXH@c20221111 |
| 905 | @b1366415-9@dG551.2@e110@f5 | |
| 俄罗斯教育制度与政策研究/肖甦,朋腾著.-北京:人民出版社,2022.01 |
| 276页;24cm |
| 教育部人文社会科学重点研究基地重大项目“‘一带一路’不同类型国家教育制度与政策研究” 教育部人文社会科学重点研究基地北京师范大学国际与比较教育研究.-“一带一路”不同类型国家教育制度与政策研究/顾明远主编 |
| ISBN 978-7-01-022703-0:CNY53.00 |
| 本书共分12章,分别为俄罗斯教育的历史与传统、俄罗斯的基本教育制度、俄罗斯教育决策体系及新世纪重要教育法令政策、俄罗斯的学前教育等。 |
| ● |
| 相关链接 |
|
|
|
|
正题名:俄罗斯教育制度与政策研究
索取号:G551.2/110
 
预约/预借
| 序号 | 登录号 | 条形码 | 馆藏地/架位号 | 状态 | 备注 |
| 1 | 1366415 | 213664159 | 第一样本阅览室/ [索取号:G551.2/110] | 在馆 | |
| 2 | 1366416 | 213664168 | 教育系资料室/ [索取号:G551.2/110] | 在馆 | |
| 3 | 1366417 | 213664177 | 教育系资料室/ [索取号:G551.2/110] | 在馆 | |
| 4 | 1366418 | 213664186 | 第四借阅区/ [索取号:G551.2/110] | 在馆 | |
| 5 | 1366419 | 213664195 | 第四借阅区/ [索取号:G551.2/110] | 在馆 |